1416 1238 1067 1501 1025 1832 1122 1008 1800 1195 1289 1597 1944 1932 1943 1641 1817 1725 1491 1674 1769 1710 1218 1966 1521 1664 1207 1440 1591 1741 1607 1892 1259 1307 1842 1267 1486 1501 1696 1723 1628 1027 1647 1986 1839 1771 1107 1869 1278 1117 1157 1731 1362 1347 1699 1274 1456 1160 1768 1340 1873 1051 1775 1347 1097 1173 1849 1898 1135 1268 1315 1159 1844 1874 1467 1218 1325 1318 1190 1152 1129 1542 1229 1189 1686 1198 2000 1771 1679 1455 1858 1484 1943 1283 1468 1421 1761 1576 1403 BCNSPRNW ULIB Ver.6.0+V

เปลี่ยนเป็นภาษาไทย

Change to English
 แสดงรายละเอียดบรรณานุกรม
  กลับหน้าหลัก

Brief Record : Get Marc (ISO 2709) : E-mail record : QR code < ปิดหน้าต่าง
LEADER : 00000nam 2200000uu 4500
001    13399109767
003     ULIB
008    110404s2543||||th 000 0 tha d
060 04 WC140^bป352ค 2543
100 0  ประพิมพ์ พุทธิรักษ์กุล
245    คู่มือการฝึกปฏิบัติงานการป้องกันและควบคุมโรคติดต่อทางเพศสัมพันธ์สำหรับนักศึกษาพยาบาล /^cประพิมพ์ พุทธิรักษ์กุล
260    เชียงใหม่ :^bคณะพยาบาลศาสตร์ มหาวิทยาลัยเชียงใหม่,^c2543
300    89 หน้า
650  7 โรคติดต่อทางเพศ
650  7 คู่มือสำหรับพยาบาล
710  2 มหาวิทยาลัยเชียงใหม่. ^bคณะพยาบาลศาสตร์
945    ^p0^l0^i013639
995    ทศพร
999 ^a ใช้งานได้ทุกระบบ
รายการนี้ยังไม่มีแท็ก
คุณยังไม่ได้ล็อกอิน คุณสามารถมีกิจกรรมร่วมกับเว็บไซต์ได้ แต่ต้องล็อกอินก่อน ::
  ล็อกอิน

รายการสื่อสารสนเทศ

ลำดับที่ ประเภท เลขเรียก/บาร์โค้ด สถานที่ สถานะ
- ไม่พบข้อมูล -

รายการใกล้เคียง
    หัวเรื่อง [โรคติดต่อทางเพศ]

BibComment


ยังไม่เคยถูกคอมเมนท์

คอมเมนท์ทรัพยากรรายการนี้
  คอมเมนท์: คู่มือการฝึกปฏิบั..


 Copyright 2026. Bcnsprnw @Library